|
|
|
|
| LEADER |
01659nam a2200409 i 4500 |
| 001 |
37073 |
| 003 |
BD-DhAAL |
| 005 |
20200220114323.0 |
| 008 |
200220t2019 ii b 000 0 eng d |
| 999 |
|
|
|c 41971
|d 41971
|
| 010 |
|
|
|a 2019335089
|
| 020 |
|
|
|a 9789353450311
|
| 020 |
|
|
|a 9789353450335
|
| 025 |
|
|
|a I-E-2019335089 ; 79-92
|
| 037 |
|
|
|b Library of Congress -- New Delhi Overseas Office
|
| 040 |
|
|
|a DLC
|b eng
|e rda
|c DLC
|d DLC
|d BD-DhAAL
|
| 042 |
|
|
|a lcode
|a pcc
|
| 043 |
|
|
|a a-ii---
|
| 050 |
0 |
0 |
|a HC435.4
|b .W43 2019
|
| 082 |
|
|
|a 330.954
|2 23
|
| 245 |
0 |
0 |
|a What the economy needs now /
|c edited by Abhijit Banerjee, Gita Gopinath, Raghuram Rajan and Mihir S. Sharma.
|
| 260 |
|
|
|a New Delhi :
|b Juggernaut,
|c c2019
|
| 300 |
|
|
|a ix, 224 pages ;
|c 23 cm.
|
| 504 |
|
|
|a Includes bibliographical references.
|
| 520 |
|
|
|a Contributed articles.
|
| 526 |
|
|
|a AAL
|
| 541 |
|
|
|a Hye Trade International
|e 37073, 37086
|
| 650 |
|
|
|a Economic development
|z India.
|9 39388
|
| 651 |
|
0 |
|a India
|x Economic policy
|y 2016-
|9 39389
|
| 700 |
1 |
|
|a Banerjee, Abhijit
|9 39390
|
| 700 |
1 |
|
|a Gopinath, Gita
|9 39391
|
| 700 |
1 |
|
|a Rajan, Raghuram
|9 39392
|
| 700 |
1 |
|
|a Sharma, Mihir S.
|9 39393
|
| 852 |
|
|
|a Ayesha Abed Library
|c General Stacks
|
| 942 |
|
|
|2 ddc
|c BK
|
| 952 |
|
|
|0 0
|1 0
|2 ddc
|4 0
|6 330_954000000000000_WHA
|7 0
|9 67865
|a BRACUL
|b BRACUL
|c GEN
|d 2020-02-06
|e Hye Trade International
|g 766.00
|l 0
|o 330.954 WHA
|p 3010037086
|r 2020-02-06
|t 2
|v 766.00
|w 2020-02-06
|y BK
|
| 952 |
|
|
|0 0
|1 0
|2 ddc
|4 0
|6 330_954000000000000_WHA
|7 0
|9 67866
|a BRACUL
|b BRACUL
|c GEN
|d 2020-02-06
|e Hye Trade International
|g 766.00
|l 2
|m 7
|o 330.954 WHA
|p 3010037073
|r 2025-01-16
|s 2024-12-01
|t 1
|v 766.00
|w 2020-02-06
|y BK
|